[Event "GER-chT U16"]
[Site "Lingen"]
[Date "2013.12.27"]
[Round "2.1"]
[White "Wunder, Anton"]
[Black "Grimm, Julius"]
[Result "0-1"]
[WhiteElo "1595"]
[BlackElo "2006"]
[PlyCount "64"]
[EventDate "2013.12.27"]
[EventType "team-swiss"]
[EventRounds "7"]
[EventCountry "GER"]
[SourceTitle "EXT 2015"]
[Source "ChessBase"]
[SourceDate "2014.11.20"]
[SourceVersion "1"]
[SourceVersionDate "2014.11.20"]
[SourceQuality "1"]
[WhiteTeam "Heilbronn"]
[BlackTeam "Darmstadt"]
[WhiteTeamCountry "GER"]
[BlackTeamCountry "GER"]

1. d4 Nf6 2. c4 c5 3. Nf3 cxd4 4. Nxd4 e5 5. Nb3 d5 6. e3 a6 7. Nc3 Be6 8. cxd5 Nxd5 9. Bd2 Nc6 10. Be2 Be7 11. Bf3 0-0 12. e4 Ndb4 13. Be2 Nd4 14. 0-0 Nxe2+ 15. Nxe2 Nxa2 16. Rxa2 Bxb3 17. Qxb3 Qxd2 18. Qxb7 Bb4 19. Ng3 a5 20. Qb5 Rfe8 21. Qa4 Red8 22. b3 Qd7 23. Rc2 g6 24. Rfc1 Ra7 25. Nf1 Qxa4 26. bxa4 Rd4 27. Rc4 Rad7 28. f3 Rxc4 29. Rxc4 Rd3 30. Kf2 Ra3 31. Ne3 Rxa4 32. Nd5 Be1+ 0-1

[Event "Stuttgart-chB int"]
[Site "Ditzingen"]
[Date "2012.05.20"]
[Round "7"]
[White "Schreiber, Winfried"]
[Black "Wunder, Anton"]
[Result "1-0"]
[WhiteElo "1628"]
[BlackElo "1507"]
[PlyCount "79"]
[EventDate "2012.05.17"]
[EventType "swiss"]
[EventRounds "7"]
[EventCountry "GER"]
[SourceTitle "EXT 2018"]
[Source "ChessBase"]
[SourceDate "2017.10.13"]
[SourceVersion "1"]
[SourceVersionDate "2017.10.13"]
[SourceQuality "1"]

1. c4 e5 2. Nc3 Nf6 3. Nf3 Nc6 4. g3 Bb4 5. Bg2 h6 6. 0-0 Bxc3 7. bxc3 0-0 8. a4 Re8 9. d3 d6 10. h3 e4 11. Nd4 Nxd4 12. cxd4 Bf5 13. e3 Qc8 14. Kh2 exd3 15. Bd2 Ne4 16. a5 a6 17. g4 Bg6 18. f4 Nxd2 19. Qxd2 Be4 20. Bxe4 Rxe4 21. Qxd3 Qe6 22. Rf3 Re8 23. Re1 d5 24. c5 Qc6 25. Rb1 Kh8 26. Kg3 Qa4 27. Qb3 Qxa5 28. Qxb7 Rxe3 29. Qxd5 Qd2 30. Rbf1 Qe2 31. R1f2 Qe1 32. Kg2 Rxf3 33. Qxf3 Qe4 34. Rd2 Qxf3+ 35. Kxf3 Kg8 36. Ra2 Rd8 37. Ke4 Ra8 38. Kd5 Kf8 39. Kc6 Ra7 40. d5 1-0

[Event "Stuttgart-chB int"]
[Site "Ditzingen"]
[Date "2012.05.19"]
[Round "5"]
[White "Wunder, Anton"]
[Black "Strauss, Martin"]
[Result "0-1"]
[WhiteElo "1507"]
[BlackElo "1811"]
[PlyCount "72"]
[EventDate "2012.05.17"]
[EventType "swiss"]
[EventRounds "7"]
[EventCountry "GER"]
[SourceTitle "EXT 2018"]
[Source "ChessBase"]
[SourceDate "2017.10.13"]
[SourceVersion "1"]
[SourceVersionDate "2017.10.13"]
[SourceQuality "1"]

1. d4 d5 2. c4 e6 3. Nc3 Nf6 4. Bg5 Nbd7 5. cxd5 exd5 6. Nxd5 Nxd5 7. Bxd8 Bb4+ 8. Qd2 Bxd2+ 9. Kxd2 Kxd8 10. Nf3 f6 11. e4 Ne7 12. Bc4 Nb6 13. Bb3 Ng6 14. Rhe1 Bg4 15. Ng1 Ke7 16. f3 Bd7 17. e5 fxe5 18. dxe5 Be6 19. Bxe6 Kxe6 20. Rac1 Rad8+ 21. Kc3 c6 22. Nh3 h6 23. f4 Nd5+ 24. Kc2 Ndxf4 25. Nxf4+ Nxf4 26. Re4 Nd5 27. Rg4 Ne3+ 28. Kb3 Rd3+ 29. Kb4 Nxg4 30. h3 Ne3 31. Re1 Nc2+ 32. Kc4 Nxe1 33. a4 Rhd8 34. Kb4 b6 35. b3 Nc2+ 36. Kc4 R8d4# 0-1

[Event "Stuttgart-chB int"]
[Site "Gerlingen"]
[Date "2011.06.03"]
[Round "4"]
[White "Wunder, Anton"]
[Black "Kruck, Matthias"]
[Result "1-0"]
[WhiteElo "1423"]
[BlackElo "1545"]
[PlyCount "117"]
[EventDate "2011.06.02"]
[EventType "swiss"]
[EventRounds "7"]
[EventCountry "GER"]
[SourceTitle "EXT 2018"]
[Source "ChessBase"]
[SourceDate "2017.10.13"]
[SourceVersion "1"]
[SourceVersionDate "2017.10.13"]
[SourceQuality "1"]

1. d4 d5 2. c4 c6 3. Nc3 Nf6 4. e3 Bf5 5. Nf3 Nbd7 6. Bd2 Qc7 7. Rc1 Rc8 8. cxd5 Qb8 9. dxc6 bxc6 10. Qb3 Qxb3 11. axb3 Nb6 12. Be2 e6 13. 0-0 Bd6 14. h3 0-0 15. Nh4 Be4 16. Nf3 Bd5 17. Nxd5 Nbxd5 18. Bd3 Nb4 19. Bxb4 Bxb4 20. Ne5 c5 21. dxc5 Bxc5 22. Rc2 Bd6 23. Rxc8 Rxc8 24. Nc4 Bb4 25. Rd1 g6 26. f3 Bc5 27. Kf1 Nd5 28. Ke2 f5 29. f4 Rb8 30. Bc2 Nb4 31. Kd2 Rd8+ 32. Kc1 Rxd1+ 33. Kxd1 Kf8 34. Kd2 Ke7 35. Bb1 Nd5 36. g3 Bb4+ 37. Ke2 Kf6 38. Ne5 Bd6 39. Nc4 Bc5 40. e4 fxe4 41. Bxe4 Nb4 42. Bb1 Bd4 43. Kf3 Bc5 44. g4 h6 45. Ne5 Bd4 46. Nxg6 Bxb2 47. Nh4 Nc6 48. Ba2 a5 49. f5 e5 50. Ng2 Bc1 51. Ke4 Nd4 52. Ne3 Bxe3 53. Kxe3 Nc6 54. Ke4 Kg5 55. Kf3 Kf6 56. Ke4 Kg5 57. Kd5 Nb4+ 58. Ke6 Nc6 59. f6 1-0